Statistics for 10 Most Populated Cities In A Country Beginning With 'C'

Click here to take the quiz!

General Stats

  • This quiz has been taken 16 times
  • The average score is 7 of 10

Answer Stats

PopAnswer% Correct
12.8 MillionBeijing
100%
14.4 MillionShanghai
100%
11.8 MillionGuangzhou
86%
5.6 MillionSantiago
86%
5.2 MillionWuhan
86%
7.2 MillionTianjin
64%
5.8 MillionToronto
64%
11.7 MillionShenzhen
57%
7.4 MillionBogota
50%
7.6 MillionDongguan
21%

Score Distribution

Percentile by Number Answered

Percent of People with Each Score

Your Score History

You have not taken this quiz